|
|
|
|
| LEADER |
00699nam a2200181 i 4500 |
| 001 |
publ24432 |
| 005 |
20220526083832.0 |
| 008 |
220526s2017 hu o 0|| Magyar d |
| 020 |
|
|
|a 9786155613913
|
| 024 |
7 |
|
|a 3396763
|2 mtmt
|
| 040 |
|
|
|a SZTE Publicatio Repozitórium
|b hun
|
| 041 |
|
|
|a Magyar
|
| 100 |
1 |
|
|a Gyémánt Richárd
|
| 245 |
1 |
0 |
|a Etnikai és felekezeti viszonyok a történelmi Torontál vármegye Törökbecsei járásában
|h [elektronikus dokumentum] /
|c Gyémánt Richárd
|
| 260 |
|
|
|a Históriaantik Könyvesház Bt.
|b Budapest
|c 2017
|
| 300 |
|
|
|a 59
|
| 650 |
|
4 |
|a Szociológia
|
| 856 |
4 |
0 |
|u http://publicatio.bibl.u-szeged.hu/24432/1/Torontal-Torokbecseijaras2.kiadasGy.R..pdf
|z Dokumentum-elérés
|